000
00271nam a2200133Ia 4500
100
_a
Sobolev/N
942
_c
BK
654
_a
Lasers
245
_a
Lasers & Their Prospectus
260
_b
Mir Publishers
_c
1974
082
_a
621.3
300
_a
247
546
_a
ENGLISH
999
_c
20153
_d
20153